000 00632cam a2200217 a 4500
001 000007887
005 20200929154333.0
008 941007s1992 sp 001 1 spa
020 _a8423321169
040 _aDO-SdBNP
_bspa
_cLC
_dBNPHU
082 _a863.64
_bC697h
100 1 _aColl, Aliocha.
_921666
245 1 3 _aEl hilo de seda /
_cAliocha Coll.
260 _aBarcelona :
_bDestino,
_c1992.
300 _a139 p. ;
_c20 cm.
490 1 _aÁncora y Delfín
_v678
650 4 _aNovela española
_91123
650 4 _aLiteratura española
_9632
830 0 _aÁncora y Delfín ;
_v678
_95000
910 _aCatalogación por copia / LC
999 _c7665
_d7665